Atención primaria y salud mental comunitaria : (Record no. 16716)

MARC details
000 -LEADER
campo de control de longitud fija 01200nam a2200313 i 4500
001 - NÚMERO DE CONTROL
campo de control 16716
003 - IDENTIFICADOR DE NÚMERO DE CONTROL
campo de control ES-MaACL
005 - FECHA Y HORA DE LA ÚLTIMA TRANSACCIÓN
campo de control 20250902040134.0
007 - CAMPO FIJO DE DESCRIPCIÓN FÍSICA--INFORMACIÓN GENERAL
campo de control de longitud fija t|
008 - DATOS DE LONGITUD FIJA--INFORMACIÓN GENERAL
campo de control de longitud fija 001026s1999 sp ||||1| spa d
080 ## - NÚMERO DE LA CLASIFICACIÓN DECIMAL UNIVERSAL
Número de la Clasificación Decimal Universal 364.69-21
080 ## - NÚMERO DE LA CLASIFICACIÓN DECIMAL UNIVERSAL
Número de la Clasificación Decimal Universal 613.86
080 ## - NÚMERO DE LA CLASIFICACIÓN DECIMAL UNIVERSAL
Número de la Clasificación Decimal Universal 364.69:616.89
100 1# - ENTRADA PRINCIPAL--NOMBRE DE PERSONA
Nombre de persona Olabarría, Begoña,
Fechas asociadas al nombre 1954-
Término indicativo de función/relación Autor
9 (RLIN) 86632
245 10 - MENCIÓN DEL TÍTULO
Título Atención primaria y salud mental comunitaria :
Resto del título programas de intervención psicológica /
Mención de responsabilidad, etc. Begoña Olabarría
260 ## - PUBLICACIÓN, DISTRIBUCIÓN, ETC.
Lugar de publicación, distribución, etc. Madrid :
Nombre del editor, distribuidor, etc. Universidad Nacional de Educación a Distancia :
-- Fundación Universidad Empresa,
Fecha de publicación, distribución, etc. 1999
300 ## - DESCRIPCIÓN FÍSICA
Extensión 98 p. ;
Dimensiones 25 cm.
490 1# - MENCIÓN DE SERIE
Mención de serie Cursos de postgrado en psicopatología y salud
RLIN 228668
650 #7 - PUNTO DE ACCESO ADICIONAL DE MATERIA--TÉRMINO DE MATERIA
Término de materia o nombre geográfico como elemento de entrada Atención primaria
9 (RLIN) 241983
Fuente del encabezamiento o término embne
650 #7 - PUNTO DE ACCESO ADICIONAL DE MATERIA--TÉRMINO DE MATERIA
Término de materia o nombre geográfico como elemento de entrada Salud mental
Fuente del encabezamiento o término embne
9 (RLIN) 16972
650 #7 - PUNTO DE ACCESO ADICIONAL DE MATERIA--TÉRMINO DE MATERIA
Término de materia o nombre geográfico como elemento de entrada Asistencia psiquiátrica
Fuente del encabezamiento o término embne
9 (RLIN) 151738
710 2# - ENTRADA AGREGADA--NOMBRE DE ENTIDAD CORPORATIVA
Nombre de entidad corporativa o nombre de jurisdicción como elemento de entrada Universidad Nacional de Educación a Distancia (España)
Término indicativo de función/relación Editor
9 (RLIN) 7405
710 2# - ENTRADA AGREGADA--NOMBRE DE ENTIDAD CORPORATIVA
Nombre de entidad corporativa o nombre de jurisdicción como elemento de entrada Fundación Universidad-Empresa (Madrid)
Término indicativo de función/relación Editor
9 (RLIN) 4424
830 #0 - PUNTO DE ACCESO ADICIONAL DE SERIE-TÍTULO UNIFORME
Título uniforme Cursos de postgrado en psicopatología y salud
9 (RLIN) 228668
852 4# - LOCALIZACIÓN
Ubicación ES-MaACL
Sublocalización o colección R.128774
Ubicación en estantería Depósito 2
Número de control de estantería L-23625
942 ## - ELEMENTOS DE ENTRADA SECUNDARIOS (KOHA)
Fuente del sistema de clasificación o colocación Clasificación decimal universal
Tipo de ítem Koha Libro impreso
Suprimir en OPAC No
Holdings
Estatus retirado Estado de pérdida Estado de daño No para préstamo Biblioteca de origen Biblioteca actual Ubicación en estantería Fecha de adquisición Fuente de adquisición Total de préstamos Signatura topográfica completa Código de barras Visto por última vez Precio de reemplazo Tipo de ítem Koha
        Biblioteca del Ateneo de Madrid Biblioteca del Ateneo de Madrid Depósito 2 17/01/2008     L-23625 1016978 23/02/2023 23/02/2023 Libro impreso